Statistics for UEFA European Championship Winners

Click here to take the quiz!

General Stats

  • This quiz has been taken 56 times
    (50 since last reset)
  • The average score is 9 of 10

Answer Stats

No. WinsNation% Correct
2France
100%
3Germany
100%
1Portugal
100%
3Spain
100%
1Italy
98%
1Netherlands
95%
1Denmark
93%
1Greece
91%
1Soviet Union
88%
1Czechoslovakia
84%

Score Distribution

Percentile by Number Answered

Percent of People with Each Score

Your Score History

You have not taken this quiz since the last reset